<?xml version="1.0" encoding="UTF-8"?>
<collection xmlns="http://www.loc.gov/MARC21/slim">
 <record>
  <leader>00516pamaa2200157   4500</leader>
  <controlfield tag="001">0000038708</controlfield>
  <controlfield tag="005">20061129090000.0</controlfield>
  <datafield tag="020" ind1="0" ind2="0">
   <subfield code="a">1843901862 (pbk) </subfield>
  </datafield>
  <datafield tag="082" ind1=" " ind2=" ">
   <subfield code="a">657.45 ACC 2003</subfield>
  </datafield>
  <datafield tag="090" ind1="0" ind2="0">
   <subfield code="a">HF5661 </subfield>
   <subfield code="b">ACC 2003</subfield>
  </datafield>
  <datafield tag="245" ind1="1" ind2="0">
   <subfield code="a">ACCA revision kit : </subfield>
   <subfield code="b">paper 2.6 audit  and internal review (International Standards).</subfield>
  </datafield>
  <datafield tag="260" ind1="0" ind2="0">
   <subfield code="a">Dorset: </subfield>
   <subfield code="b">The Financial Training Company, </subfield>
   <subfield code="c">2003.</subfield>
  </datafield>
  <datafield tag="300" ind1=" " ind2=" ">
   <subfield code="a">viii,  190p.; </subfield>
   <subfield code="c">29cm.</subfield>
  </datafield>
  <datafield tag="440" ind1="0" ind2="0">
   <subfield code="a">Professional Examinations</subfield>
  </datafield>
  <datafield tag="650" ind1="0" ind2="0">
   <subfield code="a">Auditing </subfield>
  </datafield>
  <datafield tag="710" ind1="1" ind2="1">
   <subfield code="a">Association of Chartered Certified Accountants </subfield>
  </datafield>
 </record>
</collection>
